01823nam a22003377a 4500001000500000005001700005020002200022020001800044040002300062050001500085082000800100100002700108245009000135250003600225260003500261300004000296490003600336500009500372505000800467520042000475521002000895521002000915650003400935700003500969906004501004942001501049999001501064952014301079952013101222952013201353100320250213152616.0 a0439560535 (pbk.) a9780439560535 aOCOcOCOdDLCbeng00aQE432.S734 a5491 aStamper, Judith Bauer.10aRocky road trip /c[written by Judith Bauer Stamper ; illustrations by Hope Gangloff] aFirst printing, November 2003.  aNew York :bScholastic,c2003. a89 pages :billustrations ;c20 cm.1 aScience chapter book ;vBook 20 aBased on The Magic School Bus books written by Joanna Cole and illustrated by Bruce Degen. aO  aWhen Carlos brings a mystery rock to school, he hopes Ms. Frizzle will tell him what kind of rock it is. But the Friz doesn't like to tell when she can show....That's how the class ends up on a wild rock hunt in the Wild West, trying to solve a mineral mystery! They take a stagecoach ride, pan for precious gems, and even explore an old mine. Sure, the going gets a little rough at times--but this road trip rocks! a600 bLexile  aO bRaz-Plus  arocksvgeologyxearth science1 aGangloff, Hope.cillustrator.  a7bcbcccopycatd2encipf20gy-gencatlg 2ddccBKn0 c1003d1003 00102ddc40708NFICa001b001cTK Yellowd2023-07-18l1oSTA 551.55 C237pFISTK01887r2025-12-08 14:06:45s2025-12-08t1w2023-07-18yBK 00102ddc40708NFICa001b001cTK Yellowd2023-07-18l0oSTA 551.55 C237pFISTK00472r2023-11-14 10:21:13t2w2023-07-18yBK 00102ddc40708NFICa001b001cTTP Yellow d2025-02-13l0oSTA 551.55 C237p2025-0539r2025-02-13 15:26:14t3w2025-02-13yBK